Normal view
MARC view
- Haq, Chaudhry Afzal
Entry Personal Name
001 - CONTROL NUMBER
- control field: 109748
003 - CONTROL NUMBER IDENTIFIER
- control field: NUST
005 - DATE AND TIME OF LATEST TRANSACTION
- control field: 20230303182753.0
008 - FIXED-LENGTH DATA ELEMENTS
- fixed length control field: 230303|| aca||aabn | a|a d
040 ## - CATALOGING SOURCE
- Original cataloging agency: NUST
- Transcribing agency: NUST
100 ## - HEADING--PERSONAL NAME
- Personal name: Haq, Chaudhry Afzal
670 ## - SOURCE DATA FOUND
- Source citation: Work cat.: (NUST)187761: Haq, Chaudhry Afzal, Zindagi / زندگی (Urdu) /, 1993
